000
00254nam a2200109Ia 4500
008
190216s9999||||xx |||||||||||||| ||und||
100
_a
Muinuddin Khan M D
245
0
_a
Advanced Accountancy
260
_b
Ideal Library
_c
1970
300
_a
880p
942
_c
BK
999
_c
3978
_d
3978